| 000 | 00647nam a2200193Ia 4500 | ||
|---|---|---|---|
| 003 | Ost | ||
| 005 | 20260507075638.0 | ||
| 008 | 260507s9999||||xx |||||||||||||| ||und|| | ||
| 040 | _cfsecg | ||
| 041 | _aara | ||
| 082 | _a408.2 | ||
| 100 |
_aالجبوري، عبد الكريم _eمؤلف |
||
| 245 | 0 |
_aسبيلك إلى فن الترجمة / _c عبد الكريم الجبوري |
|
| 260 |
_aبيروت: _bدار ومكتبة الهلال، 2001, |
||
| 300 |
_a248 صفحة؛ _bإيضاحات ؛ _c24 سم |
||
| 520 | _aمذاهب وآراء في الترجمة- أهمية الترجمة | ||
| 653 | _aالترجمة | ||
| 942 | _cكتاب | ||
| 999 |
_c45333 _d45333 |
||